Statistiques concernant Départements Limitrophes de La Vienne

Cliquez ici pour prendre le quiz!

Statistiques générales

  • Ce quiz a été pris 29 fois
  • Le résultat moyen est 6 sur 6

Statistiques - réponses

Départements% Correct
Charente
100%
Haute-Vienne
100%
Deux-Sèvres
96%
Indre
88%
Indre-et-Loire
88%
Maine-et-Loire
84%

Distribution des résultats

Percentile par nombre de réponses

% des personnes avec chaque résultat

Votre développement - résultats

Vous n’avez pas pris ce quiz